-ege Words (EXTREMELY HARD!) - Statistics

General Stats
  • This quiz has been taken 30 times
  • The average score is 3 of 26
Answer Stats
Answer % Correct
College
59%
Siege
56%
Allege
41%
Liege
37%
Privilege
26%
Renege
26%
Cortege
19%
Sacrilege
19%
Protege
15%
Besiege
11%
Manege
7%
Assiege
4%
Barege
4%
Noncollege
4%
Postcollege
4%
Precollege
4%
Solfege
4%
Sortilege
4%
Subcollege
4%
Abrege
0%
Agrege
0%
Disprivilege
0%
Grege
0%
Misallege
0%
Spicilege
0%
Urostege
0%
No matching quizzes found
Score Distribution
Percent of People with Each Score
Percentile by Number Answered
Your Score History
You have not taken this quiz